000 00673nam a2200253Ia 4500
003 OSt
005 20221006160529.0
006 a|||||r|||| 00| 0
007 ta
008 221006b |||||||| |||| 00| 0 eng d
020 _a9781859723586
_c
_5.62
024 _a45,410
037 _cTextual
040 _aEASL
_cEASL
_beng
041 _2eng
_aeng
082 _aX5.420j56.N9, N6
100 _aMcCORMICK Brian
_9674033
245 0 _aJapanese companies-British factories
260 _aEngland
_bAshgate
_c1996
300 _a344p.
_ccm.
490 _v JEL
942 _hX5.420j56.N9, N6
_cTEXL
_2CC
999 _c1113502
_d1113502